Statystyki dla Dzielnice Sosnowca

Kliknij tutaj aby rozwiązać quiz!

Ogólne statystyki

  • Ten quiz został rozwiązany 202 razy
  • Średni wynik to 12 z 18

Statystyki odpowiedzi

Odpowiedź% Poprawnych
Śródmieście
86%
Zagórze
86%
Pogoń
85%
Środula
83%
Niwka
77%
Milowice
76%
Dańdowka
75%
Klimontów
73%
Kazimierz Górniczy
70%
Jęzor
69%
Maczki
68%
Sielec
64%
Stary Sosnowiec
61%
Porąbka
56%
Ostrowy Górnicze
55%
Bór
48%
Dębowa Góra
48%
Modrzejów
48%

Rozkład punktacji

Percentyl według liczby udzielonych odpowiedzi

Procent ludzi z każdym wynikiem

Twoja historia wyników

Nie rozwiązałeś tego quizu